00209nam a2200097Ia 4500008004100000100000800041245002300049260001200072260001000084999001700094170620s9999 xx 000 0 und d aAIR 0aALL INDIA REPORTER b"Nagpur c AIR" c29629d29629